| 000 | 005330000a22001810004500 | ||
|---|---|---|---|
| 020 | _a958-20-0224-7 | ||
| 041 | 0 | _aSPA | |
| 082 | 0 | 4 | _aG 370.19 B9285h |
| 100 | 1 | _aBuenaventura, Nicolás | |
| 245 | 1 | 0 | _aLos hilos invisibles del tejido social : La importancia de hablar mierda / Nicolás Buenaventura |
| 260 | _aBogotá : Cooperativa Editorial Magisterio | ||
| 300 | _a88 Pág. | ||
| 001 | 14761 | ||
| 942 | _cBK | ||
| 999 |
_c43601 _d43601 |
||
| 336 |
_atexto _btxt _2rdacontent |
||
| 337 |
_2rdamedia _asin mediación _bn |
||
| 338 |
_2rdacarrier _avolumen _bnc |
||